| 000 | 01302nam a2200193 a 4500 | ||
|---|---|---|---|
| 005 | 20250926063855.0 | ||
| 008 | 991125n197 [me 000 0 spa u | ||
| 035 | _aUPN01000032864 | ||
| 049 | _aAV | ||
| 099 | _aPVI P 0490 | ||
| 245 | 0 | 0 |
_aLos que hicieron nuestro cine, 5 : _bIsmael Rodríguez y la comedia ranchera. |
| 260 |
_a[México] : _bUTEC, _c[197-]. |
||
| 300 |
_a1 videocasete (VHS) (27 min.) : _bson., b y n. |
||
| 520 | _aIsmael Rodríguez retoma el género de la comedia ranchera yen 1945 dirige "Cuando lloran los valientes", en 1946 "Lostres García" y con esta película y la continuación "Vuelven los García" revitaliza este género y es el inicio de la mancuerna Ismael Rodríguez y Pedro Infante y con ellos una cadena de éxitos. Incluye comentarios de Roberto Rodríguez (director y productor), Ismael Rodríguez (director y productor), Tito Guízar(actor), Joselito Rodríguez (director y productor), Pedro de Urdimalas (escritor), Víctor Manuel Mendoza (actor), Evita Muñoz "Chachita" (actriz), José Luis Cuevas (pintor), Manuel Esperón (compositor), Irma Dorantes (actriz) | ||
| 501 | _aCon: La barraca -- El año de campeón sin corona -- Enamorada | ||
| 650 | 4 |
_aCinematografía _92549 |
|
| 650 | 4 |
_aCinematografía _zMéxico _xHistoria _98623 |
|
| 905 | _aAudiovisuales | ||
| 999 |
_c32864 _d32864 |
||